000 00565nam a2200169 i 4500
001 52019
003 ES-MaACL
005 20230906162506.0
007 t|
008 030822s1970 sp ||||1| spa d
100 1 _aChipman, Wilmon B.
_938542
245 1 0 _aGuía para el estudio de principios básicos de química de Gray/Haight /
_cWilmon B. Chipman ; versión Juan Mª Salietti Vinué.
260 _aBarcelona :
_bReverté,
_c1970.
300 _aVII, 156 p. ;
_c22 cm.
700 1 _aSalietti Vinué, Juan María.
_9101923
852 _aES-MaACL
_jC-38601
_bR.73804
999 _c52019
_d52019